• 首页
  • 本馆介绍
  • 公告通知
  • 最新文献
  • 馆藏检索
  • 电子资源
  • 读者导购
  • 参考咨询
  • 我的图书馆
  • 登录
  • 详细信息显示
  • 放入我的书架
  • 预约/预借图书
  • 作者相关作品
  • 分类相关作品
  • 丛书相关作品
  • 出版社相关作品

书目信息

  • 表格格式
  • 工作单格式
  • 卡片格式
题名:
熬高汤做好菜
    
 
作者: 罗进雄 著
分册:  
出版信息: 北京   科学出版社  2004
页数: 83页
开本: 19cm
丛书名: 新健康大系
单 册:
中图分类: TS972.12
科图分类:
主题词: 汤菜 , 菜谱 , 汤菜--菜谱--中国
电子资源:
ISBN: 7-03-013089-8
000 00842oam2 2200289 450
001 002665656
005 20061113084848.85
010    @a7-03-013089-8@dCNY18.00
100    @a20040218d2004 em y0chiy0110 ea
101 0  @achi
102    @aCN@b110000
105    @aa z 000yy
200 1  @a熬高汤做好菜@9ao gao tang zuo hao cai@f罗进雄著
210    @a北京@c科学出版社@d2004
215    @a83页@c照片@d19cm
225 2  @a新健康大系@i营养与保健系列
300    @a5种实用营养高汤 烹调美味健康佳肴
305    @a邦联文化事业有限公司授权出版
462  0 @12001 @a新健康大系@i营养与保健系列
510 1  @aSimmer for Broth@zeng
606 0  @a汤菜
606 0  @a菜谱
606 0  @a汤菜@x菜谱@y中国
690    @aTS972.12@v4
701  0 @a罗进雄@9luo jin xiong@c(厨师,@f1971~)@4著
801  0 @aCN@bNLC@c20061113
905    @a10447@dTS972.12@e155
    
    熬高汤做好菜/罗进雄著.-北京:科学出版社,2004
    83页:照片;19cm.-(新健康大系.营养与保健系列)
    5种实用营养高汤 烹调美味健康佳肴
    
    ISBN 7-03-013089-8:CNY18.00
    
●
相关链接 在E读中查询图书 在五车中查询图书 在当当中查询图书 在豆瓣中查询图书


正题名:熬高汤做好菜     索取号:TS972.12/155         预约/预借

序号 登录号 条形码 馆藏地/架位号 状态 备注
1 0384161   203841619   第二样本阅览室/ [索取号:TS972.12/155] 在馆    
2 0384162   203841628   第三借阅区/ [索取号:TS972.12/155] 在馆    
3 0384163   203841637   第三借阅区/ [索取号:TS972.12/155] 在馆    
4 0384164   203841646   第三借阅区/ [索取号:TS972.12/155] 在馆    
5 0384165   203841655   第三借阅区/ [索取号:TS972.12/155] 在馆    
唐山师范学院图书馆 欢迎您!
大连网信软件有限公司© 版权所有